1816 1631 1546 1401 1816 1898 1474 1394 1869 1062 1550 1819 1896 1358 1358 1381 1324 1915 1310 1949 1342 1009 1447 1418 1417 1186 1122 1899 1804 1091 1789 1336 1484 1983 1567 1920 1778 1725 1333 1540 1623 1718 1732 1764 1873 1698 1327 1775 1286 1605 1689 1762 1453 1691 1630 1537 1959 2000 1871 1226 1618 1405 1960 1755 1937 1097 1884 1091 1346 1122 1013 1229 1915 1663 1992 1528 1814 1553 1112 1017 1668 1673 1975 1887 1546 1297 1670 1532 1755 1369 1083 1355 1831 1670 1215 1992 1803 1434 1428 BCNSPRNW ULIB Ver.6.0+V

เปลี่ยนเป็นภาษาไทย

Change to English
 แสดงรายละเอียดบรรณานุกรม
  กลับหน้าหลัก

Brief Record : Get Marc (ISO 2709) : E-mail record : QR code < ปิดหน้าต่าง
LEADER : 00000nam 2200000uu 4500
001    13399113254
003     ULIB
008    111004s2545||||th 000 0 tha d
020    9748211231 (ล.3)
050  4 QL45.2^bบ582ธ ล.3 2545
100 0  บุญส่ง เลขะกุล
245 10 ธรรมชาตินานาสัตว์ เล่มที่ 3/^cบุญส่ง เลขะกุล
250    พิมพ์รวมเล่มครั้งที่ 5
260    กรุงเทพฯ :^bสารคดี,^c2545
300    3 เล่ม :^bภาพประกอบสี (บางภาพ) ;^c21 ซม
650  4 สัตว์^xธรรมชาติและความเป็นอยู่
650  4 สัตว์ป่า
945    ^p190^l0^i015951
995    ทศพร
999 ^a ทศพร
รายการนี้ยังไม่มีแท็ก
คุณยังไม่ได้ล็อกอิน คุณสามารถมีกิจกรรมร่วมกับเว็บไซต์ได้ แต่ต้องล็อกอินก่อน ::
  ล็อกอิน

รายการสื่อสารสนเทศ

ลำดับที่ ประเภท เลขเรียก/บาร์โค้ด สถานที่ สถานะ
1. วิทยาศาสตร์การแพทย์ และสุขภาพ
วิทยาศาสตร์การแพทย์ และสุขภาพ
QL45.2 บ582ธ ล.3 2545 ฉ.1 
  Barcode: 015951
ห้องสมุดวิทยาเขตสวรรค์ประชารักษ์
►ส่วนจัดเก็บหนังสือเก่า สปร
บนชั้น
  ขอยืม

รายการใกล้เคียง
    ผู้แต่ง [บุญส่ง เลขะกุล]

    หัวเรื่อง [สัตว์ป่า]

BibComment


ยังไม่เคยถูกคอมเมนท์

คอมเมนท์ทรัพยากรรายการนี้
  คอมเมนท์: ธรรมชาตินานาสัตว์..


 Copyright 2026. Bcnsprnw @Library